| 000 | 006780000a22001930004500 | ||
|---|---|---|---|
| 999 |
_c54152 _d54152 |
||
| 001 | 768714001 | ||
| 003 | CO-MdFUSB | ||
| 005 | 20170814102943.0 | ||
| 008 | 170814s2000 xxu||||| |||| 00| 0 eng d | ||
| 022 | _a0098-9444 | ||
| 040 |
_aCO-MdFUSB _bspa _cCO-MdFUSB _dCO-MdFUSB |
||
| 041 | _aeng | ||
| 100 | 1 |
_aStern, Ephraim _eautor |
|
| 245 | 1 | 0 |
_aThe Babylonian gap : _bthe Assyrians impressed their culture on Israel... The Babylonians left no trance |
| 300 |
_aVolumen 26. Número 6 (2000), Páginas 45-51 _c28 cm. |
||
| 546 | _aTexto en inglés | ||
| 773 | 0 |
_tBiblical Archaeology Review _049395 _959471 _gVolumen 26. Número 6 (2000), Páginas 45-51 _qPágina 45 |
|
| 942 | _cANA | ||